Основы электрического привода. Краткий курс: учебное пособие

Մատենագիտական մանրամասներ
Հիմնական հեղինակ: Фролов Ю. М. Юрий Михайлович
Այլ հեղինակներ: Шелякин В. П. Валерий Петрович
Ամփոփում:Изложены основные вопросы теории и применения электрического привода в сельском хозяйстве. Даны сведения о механике, динамических свойствах электропривода, аппаратуре управления и защиты, режимах работы электропривода и выборе мощности электродвигателей. Рассмотрены энергетические показатели и пути снижения потерь в электроприводе. Приведены примеры. Для студентов вузов, обучающихся по специальности «Электрификация и автоматизация сельского хозяйства».
Լեզու:ռուսերեն
Հրապարակվել է: Москва, КолосС, 2007
Շարք:Учебники и учебные пособия для студентов высших учебных заведений
Խորագրեր:
Ձևաչափ: Գիրք
KOHA link:https://koha.lib.tpu.ru/cgi-bin/koha/opac-detail.pl?biblionumber=140707

MARC

LEADER 00000nam0a2200000 4500
001 140707
005 20231031142134.0
010 |a 9785953205405 
035 |a (RuTPU)RU\TPU\book\152441 
090 |a 140707 
100 |a 20080707d2007 m y0rusy50 ca 
101 0 |a rus 
102 |a RU 
105 |a a j 001zy 
200 1 |a Основы электрического привода. Краткий курс  |e учебное пособие  |f Ю. М. Фролов, В. П. Шелякин 
210 |a Москва  |c КолосС  |d 2007 
215 |a 252 с.  |c ил. 
225 1 |a Учебники и учебные пособия для студентов высших учебных заведений 
320 |a Литература: с. 249. 
330 |a Изложены основные вопросы теории и применения электрического привода в сельском хозяйстве. Даны сведения о механике, динамических свойствах электропривода, аппаратуре управления и защиты, режимах работы электропривода и выборе мощности электродвигателей. Рассмотрены энергетические показатели и пути снижения потерь в электроприводе. Приведены примеры. Для студентов вузов, обучающихся по специальности «Электрификация и автоматизация сельского хозяйства». 
610 1 |a электроприводы 
610 1 |a механика 
610 1 |a электродвигатели 
610 1 |a электромеханические свойства 
610 1 |a динамические свойства 
610 1 |a мощность 
610 1 |a энергетика 
610 1 |a учебные пособия 
610 1 |a электрификация 
610 1 |a автоматизация 
675 |a 62-83(075.8)  |v 3 
700 1 |a Фролов  |b Ю. М.  |g Юрий Михайлович 
701 1 |a Шелякин  |b В. П.  |g Валерий Петрович 
801 1 |a RU  |b 63413507  |c 20080707  |g PSBO 
801 2 |a RU  |b 63413507  |c 20150529  |g PSBO 
900 |a Электрический привод 
900 |a Основы электропривода 
942 |c BK 
953 |b 110302 
959 |a 69/20080701  |d 1  |e 244,00  |f ЧЗТЛ:1